British Birds by Letter - P #1 - Statistics

General Stats
  • This quiz has been taken 9 times
  • The average score is 8 of 12
Answer Stats
Picture Hint Answer % Correct
Perdix perdix (Grey) Partridge
100%
Fratercula arctica Puffin
100%
Pterodroma hasitata (Black-Capped) Petrel
67%
Anthus gustavi Pechora Pipit
67%
Motacilla alba Pied Wagtail
67%
Aythya ferina Pochard
67%
Ardea purpurea Purple Heron
67%
Gavia pacifica Pacific Diver
50%
Circus macrourus Pallid Harrier
50%
Loxia pytyopsittacus Parrot Crossbill
50%
Anser brachyrhynchus Pink-Footed Goose
50%
Stercorarius pomarinus Pomarine Skua
50%
No matching quizzes found
Score Distribution
Percent of People with Each Score
Percentile by Number Answered
Your Score History
You have not taken this quiz